000 01364cam a22002294a 4500
005 20250605164330.0
008 250528s ||||||||||||||||||||||||d
035 _a23201
020 _a9781466552524
040 _aGR-AtMCL
_bgre
_dGR-AtMCL
_eAACR2
245 1 _aReinforced Concrete Design to Eurocodes / Design Theory and Examples: Fourth Edition
250 _a4th
260 _bCrc Press,
_c2014
300 _a854
520 _aThis book presents the principles of the design of concrete elements and oof complete structures, with prctical illustrations of the theory. Preface, Introduction, Materials and Structural Failures and Durability, Limit State Design and Structural Analysis, Section Design for Moment, Shear and Bond and Torsion, Serviceability and Limit State Checks, Simply Supported Beams, Reinforced Concrete Slabs, Columns, Walls in Buildings, Foundations, Retaining Walls, Design of Statically Indeterminate Structures, Reinforced Concrete Framed Buildings, Tall buildings, Prestressed Concrete, Deflection and Cracking, A General Method of Design at Ultimate Limit State, Design of Structures Retaining Aqueous Liquids, U.K. National Annex, Additional Reference, Index.
700 1 _aBhatt Prab
_98780
700 1 _aMacginley Thomas J
_98781
700 1 _aSeng Choo Ban
_98782
942 _cBK
999 _c8231
_d8231